EA FC26 Thunderstruck - Statistics

General Stats
  • This quiz has been taken 10 times
  • The average score is 13 of 53
Answer Stats
Rate Club Nation Gender Answer % Correct
92 Real Madrid England Male Jude Bellingham
100%
91 Man City Spain Male Rodri
75%
92 Barcelona Spain Female Alexia Putellas
50%
88 Inter Turkey Male Hakan Calhanoglu
50%
89 Atletico Madrid Slovenia Male Jan Oblak
50%
90 Barcelona Brazil Male Raphinha
50%
90 Arsenal England Female Alessia Russo
38%
89 Lyon Chile Female Christiane Endler
38%
87 Man United Portugal Male Diogo Dalot
38%
88 Bayern England Female Georgia Stanway
38%
89 Bayern Germany Male Jamal Musiala
38%
87 Arsenal Netherlands Male Jurrien Timber
38%
89 Al Ittihad France Male N'Golo Kante
38%
88 Chelsea Portugal Male Pedro Neto
38%
85 Feyenoord Netherlands Male Quinten Timber
38%
87 Al Ahli Algeria Male Riyad Mahrez
38%
87 Liverpool Netherlands Male Ryan Gravenberch
38%
88 Chelsea Australia Female Samantha Kerr
38%
88 Al Hilal France Male Theo Hernandez
38%
87 PSG Ecuador Male Willian Pacho
38%
87 Dortmund Germany Male Julian Brandt
25%
87 Lazio Italy Male Mattia Zaccagni
25%
87 Lyon Haiti Female Melchie Dumornay
25%
87 Marseille Gabon Male Pierre Aubameyang
25%
85 Real Betis Morocco Male Abde Ezzalzouli
13%
86 Atletico Madrid Spain Female Amaiur Sarriegi
13%
86 Atletico Madrid Spain Female Andrea Medina
13%
86 Real Madrid Spain Female Athenea
13%
87 Juventus Italy Female Barbara Bonansea
13%
86 Galatasaray Turkey Male Baris Yilmaz
13%
86 Milan France Male Christopher Nkunku
13%
86 Juventus Serbia Male Dusan Vlahovic
13%
86 Leverkusen Burkina Faso Male Edmond Tapsoba
13%
85 Hoffenheim Kosovo Male Fisnik Asllani
13%
87 AS Roma Italy Female Giada Greggi
13%
87 London City France Female Grace Geyoro
13%
85 Frankfurt Australia Female Hayley Raso
13%
86 PSV Croatia Male Ivan Perisic
13%
85 Napoli Brazil Male Juan Jesus
13%
87 Newcastle Germany Male Nick Woltemade
13%
86 Lyon Argentina Male Nicolas Tagliafico
13%
87 PSG Spain Female Olga Carmona
13%
85 Sporting Ivory Coast Male Ousmane Diomande
13%
87 Hoffenheim Germany Female Selina Cerci
13%
85 Villarreal Canada Male Tajon Buchanan
13%
85 Lens France Male Adrien Thomasson
0%
86 Benfica Denmark Male Alexander Bah
0%
85 Monaco Switzerland Male Denis Zakaria
0%
85 Man City Canada Female Jade Rose
0%
85 Stuttgart Germany Male Josha Vagnoman
0%
85 Le Havre France Female Madeline Roth
0%
85 Fenerbahce Spain Male Marco Asensio
0%
85 Ajax Netherlands Male Wout Weghorst
0%
No matching quizzes found
Score Distribution
Percent of People with Each Score
Percentile by Number Answered
Your Score History
You have not taken this quiz